000 00245nam a22001217a 4500
003 SGT
082 _a823
_bCRI
100 _aCRICHTON MICHAEL
245 _aJURASSIC PARK
260 _aU.K
_bPENGUIN PUB
_c1991
300 _a458
942 _2ddc
_cBK
999 _c33625
_d33625